[Event "CRO-chT U20 16th"]
[Site "Sv Filip i Jakov"]
[Date "2007.04.13"]
[Round "7"]
[White "Ruzic Zubovic, Emanuel"]
[Black "Bojmic, Dino"]
[Result "0-1"]
[WhiteElo "1600"]
[BlackElo "1881"]
[PlyCount "78"]
[EventDate "2007.04.10"]
[EventType "team-tourn"]
[EventRounds "11"]
[EventCountry "CRO"]
[SourceTitle "EXT 2010"]
[Source "ChessBase"]
[SourceDate "2010.11.25"]
[SourceVersion "1"]
[SourceVersionDate "2010.11.25"]
[SourceQuality "1"]

1. e4 e6 2. d4 d5 3. exd5 exd5 4. Nf3 Nf6 5. Nc3 Bd6 6. Bg5 c6 7. Bd3 Be6 8. 0-0 0-0 9. Re1 Nbd7 10. Ne5 h6 11. Bh4 Qc7 12. Bg3 Rfe8 13. Qf3 b6 14. Bf5 Nf8 15. Bh4 Bxf5 16. Qxf5 N8h7 17. Bxf6 Nxf6 18. f4 Qc8 19. Qxc8 Raxc8 20. Rad1 Bb4 21. Rd3 Ne4 22. a3 Bxc3 23. bxc3 f6 24. Ng4 Re7 25. Nf2 Rce8 26. Nxe4 Rxe4 27. Rf1 Re2 28. Rf2 Re1+ 29. Rf1 R8e2 30. Rxe1 Rxe1+ 31. Kf2 Rc1 32. Kg3 Rxc2 33. Kh3 Ra2 34. c4 dxc4 35. Rc3 b5 36. Kg3 Rd2 37. a4 Rd3+ 38. Rxd3 cxd3 39. Kf3 bxa4 0-1

[Event "CRO-chT U20 16th"]
[Site "Sv Filip i Jakov"]
[Date "2007.04.10"]
[Round "1"]
[White "Kruljac, Petra"]
[Black "Ruzic Zubovic, Emanuel"]
[Result "1-0"]
[WhiteElo "2031"]
[BlackElo "1600"]
[PlyCount "51"]
[EventDate "2007.04.10"]
[EventType "team-tourn"]
[EventRounds "11"]
[EventCountry "CRO"]
[SourceTitle "EXT 2010"]
[Source "ChessBase"]
[SourceDate "2010.11.25"]
[SourceVersion "1"]
[SourceVersionDate "2010.11.25"]
[SourceQuality "1"]

1. d4 Nf6 2. c4 c5 3. d5 b5 4. cxb5 a6 5. bxa6 Bxa6 6. Nc3 d6 7. g3 Nbd7 8. Bg2 g6 9. Nh3 Bg7 10. 0-0 0-0 11. Qc2 Rb8 12. Rb1 Rb7 13. Re1 Re8 14. Kh1 Ra7 15. f4 Nb6 16. e4 Bb7 17. b3 e6 18. dxe6 Rxe6 19. Rd1 Qe7 20. Ng5 Bxe4 21. Ncxe4 Nxe4 22. Bxe4 Rxe4 23. Qxe4 Qxe4+ 24. Nxe4 Rd7 25. Bb2 Bf8 26. Nf6+ 1-0